Oceňovanie majetku a záväzkov u podnikateľov účtujúcich v sústave podvojného účtovníctva od 1.1.2003 súčasná (odúročená) hodnota budúcich peňažných tokov
Slovensko pri príprave na vstup do EÚ, okrem iného, musí splniť prísne požiadavky na kvalitu informácií prezentovaných v účtovnej závierke. Na kvalitu informácií má vplyv predovšetkým oceňovanie, ktoré predstavuje zásadný problém účtovníctva. Príklady.
Salvato in:
| Autore principale: | |
|---|---|
| Altri autori: | |
| Natura: | Capitolo di libro |
| Lingua: | slovacco |
| Soggetti: | |
| Tags: |
Nessun Tag, puoi essere il primo ad aggiungerne!!
|
MARC
| LEADER | 00000naa a2200000 4500 | ||
|---|---|---|---|
| 001 | r049136 | ||
| 005 | 20231002075336.0 | ||
| 041 | 0 | |a slo | |
| 044 | |a SK | ||
| 245 | 1 | 0 | |a Oceňovanie majetku a záväzkov u podnikateľov účtujúcich v sústave podvojného účtovníctva od 1.1.2003 |b súčasná (odúročená) hodnota budúcich peňažných tokov |c Renáta Juríková, Marek Szász |
| 520 | |a Slovensko pri príprave na vstup do EÚ, okrem iného, musí splniť prísne požiadavky na kvalitu informácií prezentovaných v účtovnej závierke. Na kvalitu informácií má vplyv predovšetkým oceňovanie, ktoré predstavuje zásadný problém účtovníctva. Príklady. | ||
| 610 | 2 | 0 | |a oceňovanie |
| 610 | 2 | 0 | |a majetok |
| 610 | 2 | 0 | |a záväzky |
| 610 | 2 | 0 | |a podnikatelia |
| 610 | 2 | 0 | |a účtovníctvo podvojné |
| 610 | 2 | 0 | |a závierka účtovná |
| 610 | 2 | 0 | |a Slovensko |
| 610 | 2 | 0 | |a Európska únia |
| 100 | 1 | |a Juríková, Renáta | |
| 700 | 1 | |a Szász, Marek | |